Valtiot, joilla on kolme rajanaapuria - Statistics

Yleistilastot
  • Tätä visaa on pelattu 1 088 kertaa
  • Keskiarvotulos 18 / 27
Vastaustilastot
Rajanaapurit Valtio % Oikein
Norja, Ruotsi, Venäjä Suomi
89%
Suomi, Ruotsi, Venäjä Norja
88%
Argentiina, Bolivia, Peru Chile
83%
Belgia, Ranska, Saksa Luxemburg
81%
Kiina, Etelä-Korea, Venäjä Pohjois-Korea
79%
Kroatia, Montenegro, Serbia Bosnia ja Hertsegovina
78%
Israel, Libya, Sudan Egypti
77%
Argentiina, Bolivia, Brasilia Paraguay
74%
Brasilia, Suriname, Venezuela Guyana
70%
Itä-Timor, Malesia, Papua-Uusi-Guinea Indonesia
70%
Saudi-Arabia, Yhdistyneet arabiemiraatit, Jemen Oman
70%
Laos, Thaimaa, Vietnam Kambodža
69%
Belize, Guatemala, Yhdysvallat Meksiko
69%
Brasilia, Ranska, Guyana Suriname
68%
Djibouti, Etiopia, Sudan Eritrea
67%
Brasilia, Kolumbia, Guyana Venezuela
65%
Eritrea, Etiopia, Somalia Djibouti
64%
Djibouti, Etiopia, Kenia Somalia
64%
Kambodža, Kiina, Laos Vietnam
64%
Brunei, Indonesia, Thaimaa Malesia
62%
Guatemala, El Salvador, Nicaragua Honduras
61%
Burkina Faso, Norsunluurannikko, Togo Ghana
58%
Benin, Burkina Faso, Ghana Togo
56%
Kongon demokraattinen tasavalta, Ruanda, Tansania Burundi
54%
Kamerun, Kongon tasavalta, Päiväntasaajan Guinea Gabon
51%
Guinea, Norsunluurannikko, Sierra Leone Liberia
50%
Mosambik, Tansania, Sambia Malawi
48%
Ehtoja vastaavia visoja ei löytynyt
Tulosjakauma
Jokaisen tuloksen saaneiden osuus
Persentiili vastausten määrän mukaan
Tuloshistoriasi
Et ole pelannut tätä visaa